| 000 | 00502nam a22001817a 4500 | ||
|---|---|---|---|
| 003 | CEME | ||
| 005 | 20210628202755.0 | ||
| 008 | 210204b xxu||||| |||| 00| 0 eng d | ||
| 020 | _a0-19-579300-5 | ||
| 040 | _c. | ||
| 082 | _a954.91 MUB | ||
| 100 |
_aMubashir Hasan _961552 |
||
| 245 | _aThe mirage of power, an inquiry into the bhutto years 1971-1977 | ||
| 260 |
_aPAKISTAN _bOXFORD UNIVERSITY PRESS _c2000 |
||
| 300 | _a393P | ||
| 650 |
_aPAKISTAN - HISTORY 1971-1977 _961553 |
||
| 942 |
_cBK _2ddc |
||
| 999 |
_c570969 _d570969 |
||